| 000 | 00494cam a2200193ua 4500 | ||
|---|---|---|---|
| 001 | 5525 | ||
| 008 | 131002n ii |||gr||||Z||||||eng | ||
| 020 | _a978-81-8333-008-4 | ||
| 040 | _cMAIN | ||
| 082 | _a005 | ||
| 245 | 1 | 1 |
_aHTML,Javascript,DHTML and PHP _cby Ivan Bayross |
| 250 | _a4th ed. | ||
| 260 |
_aDelhi: _bBPB Publications, _c2011. |
||
| 300 | _axi,539p. | ||
| 653 | _aComputer science | ||
| 653 | _aHTML,Javascript,DHTML and PHP | ||
| 700 | 1 |
_aBayross,Ivan, _eAuthor. |
|
| 942 | _cBK | ||
| 999 |
_c4695 _d4695 |
||